000 00625nam a22001937a 4500
999 _c181963
_d181963
005 20211012122003.0
010 _aB-741750
020 _c299.00
_a9789389253863
035 _aB-741750
037 _bGift
082 _a000
245 _aYearbook & Infopedia 2021
260 _aGurugram
_bHachette Book Publishing
_c2020
270 _a4th and 5th Floors, Corporate Centre, Plot No.94
_bGurugram
_e122003
300 _a224 p.
_c21cm(pbk)
_bill
500 _aRefreshed, revised, updated Hachette children's
942 _2ddc
_cCH
_h000
_mYEA